000 00644nas a2200229 4500
001 BR9202562
003 BR-BrBNA
005 20231205092519.0
007 ta
008 230509b bl.|||p| |||| 00| 00por d
040 _aBR-BrBNA
_bpor
_cBiblioteca Nacional de Agricultura
041 _a(Pt)
072 _aM12
100 1 _aNovaes, V.
245 1 _aPele de ra pode se tornar nobre como a carne
650 _aRA
650 _aRANARIO
650 _aANIMAL PRODUTOR DE PELE
773 0 _tManchete Rural (Brazil)
_xISSN 0102-8901
_g(May 1990), v. 4(38) p. 8-9
_wBR9202562
909 _a202311
_bLúcia
_c55
_dLúcia Elande
942 _2AGRIS
_n0
_cANA
999 _c132265
_d132265